| 000 | 01278nam a22003377a 4500 | ||
|---|---|---|---|
| 003 | DO-SdBPM | ||
| 005 | 20250203110453.0 | ||
| 007 | ta | ||
| 008 | 211108b2016 mx | 00| 0 spa d | ||
| 020 | _a97860471621306 | ||
| 040 |
_aDO-SdBPM _bspa _cBPMSU |
||
| 082 | 4 |
_a301 _bM833M 2016 _222 |
|
| 245 | 1 | 0 |
_aMax Weber en Iberoamérica : _bnuevas interpretaciones, estudios empíricos y recepción/ _c |
| 250 | _aÁlvaro Morcillo Laiz, Eduardo Weisz, editores. | ||
| 260 |
_aMéxico D.F : _bFondo de Cultura Económica ; _bFondo de Investigación y Docencia Económicas, _c2016 |
||
| 300 |
_a703 páginas ; _c24 cm. |
||
| 490 | 0 | _a Sociología | |
| 500 | _a | ||
| 500 | _aIncluye referencias bibliográficas y notas al pie de las páginas. | ||
| 504 | _aBibliografías (páginas 677-681) e índice. | ||
| 590 | _aInventariado, 2025 /VM | ||
| 600 | 1 | 4 |
_aWeber, Max, _d1864-1920 _xPensamiento político y social |
| 600 | 1 | 4 |
_aWeber, Max, _d1864-1920 _xCrítica e interpretación. |
| 650 | 4 | _aSociología política | |
| 650 | 4 | _aTeología de la liberación | |
| 700 | 1 |
_aWeisz, Eduardo, _eeditor |
|
| 700 | 1 |
_aMorcillo Laiz, Álvaro, _eeditor |
|
| 710 | 2 | _aFondo de Cultura Económica | |
| 910 | _aVMateo V. Control de calidad. BPMSU | ||
| 942 |
_2ddc _cBK |
||
| 999 |
_c14927 _d14927 |
||